Rock Bands By Year - Statistics

General Stats
  • This quiz has been taken 1,123 times
    315 since last reset
  • The average score is 24 of 59
Answer Stats
Year Album Band % Correct
1976 Hotel California Eagles
95%
1980 Back in Black AC/DC
93%
1979 The Wall Pink Floyd
93%
1970 Paranoid Black Sabbath
92%
1991 Nevermind Nirvana
90%
1967 Sgt. Pepper's Lonely Hearts Club Band The Beatles
89%
1987 Appetite for Destruction Guns N Roses
84%
1994 Dookie Green Day
79%
1997 OK Computer Radiohead
74%
1977 Rumours Fleetwood Mac
73%
1988 ...And Justice For All Metallica
73%
1986 Slippery When Wet Bon Jovi
72%
1965 My Generation The Who
71%
1982 The Number of the Beast Iron Maiden
68%
1989 Dr. Feelgood Motley Crue
64%
1975 Physical Graffiti Led Zeppelin
63%
1995 (What's the Story) Morning Glory Oasis
60%
1985 Brothers in Arms Dire Straits
59%
1966 Aftermath The Rolling Stones
58%
2000 Hybrid Theory Linkin Park
54%
1984 1984 Van Halen
54%
1978 Jazz Queen
52%
1972 Machine Head Deep Purple
47%
1992 Dirt Alice in Chains
44%
1990 Cowboys From Hell Pantera
44%
1993 Get a Grip Aerosmith
37%
2004 Hot Fuss The Killers
36%
1999 Enema of the State Blink-182
35%
1983 Eliminator ZZ Top
35%
1969 Willy and the Poor Boys Creedence Clearwater Revival
34%
1981 Escape Journey
34%
2013 AM Arctic Monkeys
33%
2007 Echoes, Silence, Patience and Grace Foo Fighters
31%
1998 Americana The Offspring
30%
2003 Elephant The White Stripes
30%
2002 Songs for the Deaf Queens of the Stone Age
28%
1996 Evil Empire Rage Against The Machine
28%
2006 Black Holes and Revelations Muse
27%
2016 The Getaway Red Hot Chili Peppers
27%
1968 Wheels Of Fire Cream
26%
2001 Silver Side Up Nickelback
22%
2011 El Camino The Black Keys
19%
1974 Second Helping Lynyrd Skynyrd
18%
2019 Fear Inoculum TOOL
17%
1971 Electric Warrior T. Rex
17%
2010 Nightmare Avenged Sevenfold
15%
2005 See You On the Other Side Korn
15%
2012 Night Visions Imagine Dragons
13%
2008 Only By The Night Kings of Leon
13%
2015 American Beauty/American Psycho Fall Out Boy
12%
2023 Rush! Maneskin
9%
2022 Impera Ghost
8%
2017 Crooked Teeth Papa Roach
8%
1973 The Captain and Me The Doobie Brothers
8%
2020 Post Human: Survival Horror Bring Me The Horizon
7%
2021 Typhoons Royal Blood
6%
2018 Attention Attention Shinedown
6%
2009 This Is War Thirty Seconds to Mars
6%
2014 Isolate and Medicate Seether
3%
No matching quizzes found
Score Distribution
Percent of People with Each Score
Percentile by Number Answered
Your Score History
You have not taken this quiz since the last reset